| 000 | 00546nam a22001937a 4500 | ||
|---|---|---|---|
| 003 | OSt | ||
| 005 | 20150302142639.0 | ||
| 008 | 150302b xxu||||| |||| 00| 0 eng d | ||
| 020 | _a1871188059 | ||
| 040 | _cDNLM | ||
| 082 | _aWK 810 DIA 1997 | ||
| 245 |
_aDiabetes in Africa / _cEdited by Geoff Gill, [et..at] |
||
| 260 |
_aUK: _bDFID; _c1997. |
||
| 300 |
_ax, 294 p : _bill; _c26 cm. |
||
| 504 | _aIncludes bibliographical references and index. | ||
| 650 |
_aDiabetes _92432 |
||
| 700 |
_4Editor _aGill Goeff, [et...al] _93062 |
||
| 942 |
_2z _cSLOAN |
||
| 999 |
_c1122 _d1122 |
||